| 000 | 00679nam a2200193 a 4500 | ||
|---|---|---|---|
| 005 | 20230510063734.0 | ||
| 008 | 991125s1975 mx 000 0 spa u | ||
| 020 | _a9681807537 | ||
| 035 | _aUPN01000009354 | ||
| 049 | _aCG | ||
| 050 | 4 |
_aHQ57 _bL4.3 |
|
| 110 | 2 | _aLearning Technology Incorporated | |
| 245 | 0 | 0 |
_aCómo hablar a los niños acerca del sexo : _bguía para padres, maestros y educadores / _cLearning Technology Incorporated ; con la asesoría de Ronald K. Filippi ; tr. Adolfo Domínguez Pérez. |
| 260 |
_aMéxico : _bLimusa, _c1975. |
||
| 300 |
_a130 p. : _bil. |
||
| 440 | 0 | _aInstrucción programada Limusa | |
| 650 | 4 |
_aEducación sexual _97445 |
|
| 905 | _aLibro | ||
| 999 |
_c9354 _d9354 |
||